00524nam a22001692 4500001001100000005001700011008004100028040001500069100003000084245009100114250001300205260003200218300001200250650003200262651005700294852000300351000000971220151217155842.0081119s xx 000 0 eng d aKABUcKABU1 aGeddie, John.@000016146514aThe Lake regions of Central America :ba record of modern discovery /cby John Geddie. a1st ed. aLondon :bT. Nelson,c1892. a275 p. 0aRiverszAfrica.@0000161466 0aAfrica, CentralxDescription and travel.@00001486741